Estadísticas para Países de la Bahía de Bengala con un Mapa Vacío

Haz click aquí para tomar la prueba!

Estadísticas generales

  • Esta prueba ha sido tomada 680 veces
  • La puntuación promedio es 6 de 6

Estadísticas de respuestas

País % Correcto
India
99%
Myanmar
97%
Bangladés
97%
Sri Lanka
94%
Tailandia
93%
Indonesia
80%

Distribución de puntuación

Porcentaje por número respondido

Porcentaje de gente con cada puntuación

Historial de tus puntuaciones

No has tomado esta prueba